000 00435nam a22001697i 4500
001 1949
003 OSt
005 20170126082301.0
007 tu
008 161220s1987 xxu||||| |||| 00| 0 d
024 7 _a1948
_2RID
040 _cOSt
245 0 0 _aAmtsblatt der Europäischen Gemeinschaften. Rechtsvorschriften, L 31: 2.2.87
260 _aLuxemburg,
_c1987.
300 _a226 S. ;
_c30cm.
110 2 _aAmt f. Veröffentlichungen der EG
_eEd.
942 _cB
999 _c1928
_d1928